00959 2200313 4500001002100000005001500021035002000036007000300056008004100059020002200100082001200122084001400134100002800148245008100176250003500257300006200292650002000354700002600374504003300400264003800433336002100471337003000492338002300522040002200545090002200567850001200589999002200601990002200623INLIS00000000086871420220314093852 a0010-0322000380ta220217s2020 yoia gr ind d a978-623-7793-47-204223a532 a532 KUN m0 aKun Suhartnoepengarang10aMekanika dan dinamika fluida pada bidang rekayasa /cKun Suharno, Sri Widodo aCetakan pertama, November 2020 ax, 240 halaman :bgambar, diagram, grafik, tabel ;c25 cm 4aMekanika fluida0 aSri Widodoepengarang aBibliografi: halaman 239-24031aYogyakarta :bAnom Pustaka,c2020 2rdacontentateks 2rdamediaatanpa perantara 2rdacarrieravolume aYOPDYOGbinderda aCB-D.11 2020-3458 aYOPDYOG aCB-D.11/2020-3458 aCB-D.11/2020-3458